Movies Quiz

Random Movies or Comic Books Quiz

Batman's Rogues Gallery in Film Quiz Stats

 Plays Quiz not verified by Sporcle

Score 0/15 Timer 02:30
0 Plays Today
% Correct
Joker
94.2%
Two-Face
93.8%
Bane
93.6%
Catwoman
92.1%
Harley Quinn
91.7%
Poison Ivy
90.8%
Penguin
90.7%
Mr. Freeze
88.6%
% Correct
Talia al Ghul
86.9%
Riddler
86.7%
Scarecrow
82.1%
Ra's al Ghul
76.6%
Deadshot
74.6%
Killer Croc
72%
KGBeast
70%

You're not logged in!

Compare scores with friends on all Sporcle quizzes.
OR
Log In

You Might Also Like...

Show Comments

Extras

Top Quizzes Today


Score Distribution

Your Account Isn't Verified!

In order to create a playlist on Sporcle, you need to verify the email address you used during registration. Go to your Sporcle Settings to finish the process.

Report this User

Report this user for behavior that violates our Community Guidelines.

Details: